Normal view
MARC view
Entry Personal Name
001 - CONTROL NUMBER
- control field: 152190
003 - CONTROL NUMBER IDENTIFIER
- control field: OSt
005 - DATE AND TIME OF LATEST TRANSACTION
- control field: 20220918230234.0
008 - FIXED-LENGTH DATA ELEMENTS
- fixed length control field: 220918|| aca||aabn | a|a d
040 ## - CATALOGING SOURCE
- Original cataloging agency: OSt
- Transcribing agency: OSt
100 ## - HEADING--PERSONAL NAME
- Personal name: Huddleston Lee Eldridge
670 ## - SOURCE DATA FOUND
- Source citation: Work cat.: (OSt)287495: Huddleston Lee Eldridge, Origins of the American Indians , 1967
